00462nam a2200169 a 450000100060000000300090000600800410001502000150005604000280007108200160009910000320011524500670014726000290021430000110024365000110025465000270026519613CO-ViMGA141112s2004 ck r 000 u spa d a9682458714 aCO-ViMGAbspacCO-ViMGA04a137.3 M177p1 aMartínez Miguelez, Miguel10aLa Psicología humanista : bun nuevo paradigma psicológico aMexico : bTrillas; 1982 a216 p.14aHOMBRE14aPSICOLOGIA HUMANISTICA